000 01113cam a22003377a 4500
003 CHAP
005 20220329142330.0
008 000731d1999 ii r 00110 eng d
010 _a81890
011 _a82862
022 _a1405-7484
035 _a93367
040 _cCHAP
090 _aFolleto 15892
100 0 0 _aHartkamp, A. Dewi.
_952937
245 1 0 _aInterpolation techniques for climate variables
_c/by A. Dewi Hartkamp [and others]
260 _aMéxico, D. F. :
_bCentro Internacional de Mejoramiento de Maíz y Trigo,
_c1999.
300 _a26 p.
590 _aBATCH-UPD
_b10
_c20130110
_lUCH01
_h0652
590 _aBATCH-UPD
_b10
_c20130110
_lUCH01
_h2326
590 _aBATCH-UPD
_b10
_c20130410
_lUCH01
_h0336
590 _aBATCH-UPD
_b10
_c20130914
_lUCH01
_h0950
590 _aCONVERSION
_b10
_c20130109
_lUCH01
_h1345
650 1 4 _aClima
_xJalisco.
_923830
650 1 4 _aClimatología
_xMétodos estadísticos.
_923869
650 1 4 _aLluvia
_xEfecto en agricultura.
_967320
901 _aBK
905 _aLilia Sánchez G.
942 _cFOLL
949 _aFolleto 15892
_bBC
_cFOLL
_d933671
_eTS1
_i93367
_sb
999 _c81890
_d81890